[Event "Oberliga Baden 1920"]
[Site "Baden"]
[Date "2019.10.20"]
[Round "2.6"]
[White "Resa, Tobias"]
[Black "Tiemann, Tobias"]
[Result "0-1"]
[WhiteElo "2145"]
[BlackElo "2140"]
[PlyCount "82"]
[EventDate "2019.09.29"]
[EventType "team-tourn"]
[EventRounds "9"]
[EventCountry "GER"]
[SourceTitle "CBM 195 Extra"]
[Source "ChessBase"]
[SourceDate "2020.05.31"]
[SourceVersion "1"]
[SourceVersionDate "2020.05.31"]
[SourceQuality "1"]
[WhiteTeam "Brombach"]
[BlackTeam "Baden-Baden III"]
[WhiteTeamCountry "GER"]
[BlackTeamCountry "GER"]

1. e4 c5 2. Nf3 e6 3. g3 a6 4. Bg2 b5 5. 0-0 Bb7 6. Re1 d6 7. d4 cxd4 8. Nxd4 Nf6 9. e5 Nd5 10. exd6 Qxd6 11. a4 b4 12. Nd2 Be7 13. Ne4 Qd7 14. Qg4 g6 15. Qf3 Nc6 16. Nxc6 Qxc6 17. Bh6 Rc8 18. Rad1 Rg8 19. Bg5 f5 20. Qb3 fxe4 21. Bxe7 Kxe7 22. Bxe4 Rgd8 23. Qf3 Rd6 24. Qg4 Kf7 25. Qh4 Kg8 26. Qg5 Rc7 27. h4 Rg7 28. c4 bxc3 29. bxc3 Qxc3 30. Rc1 Qf6 31. Qd2 Rgd7 32. h5 gxh5 33. Qe2 Qg5 34. Rc4 Rf7 35. Rb1 Nf4 36. Qf1 Bxe4 37. Rxe4 Nd3 38. Rb8+ Kg7 39. Qa1+ Qf6 40. Qxf6+ Rxf6 41. Rb7+ Rf7 0-1

[Event "Oberliga Baden 1516"]
[Site "Baden"]
[Date "2016.04.10"]
[Round "9.8"]
[White "Tiemann, Tobias"]
[Black "Cubek, Christian"]
[Result "1-0"]
[WhiteElo "2040"]
[BlackElo "2024"]
[PlyCount "53"]
[EventDate "2015.09.20"]
[EventType "team-tourn"]
[EventRounds "9"]
[EventCountry "GER"]
[SourceTitle "EXT 2018"]
[Source "ChessBase"]
[SourceDate "2017.10.13"]
[SourceVersion "1"]
[SourceVersionDate "2017.10.13"]
[SourceQuality "1"]
[WhiteTeam "Baden-Baden III"]
[BlackTeam "Handschuhsheim"]
[WhiteTeamCountry "GER"]
[BlackTeamCountry "GER"]

1. d4 d5 2. Nf3 Nf6 3. g3 c5 4. Bg2 Nc6 5. 0-0 Bf5 6. c4 dxc4 7. Qa4 cxd4 8. Nxd4 Qxd4 9. Bxc6+ Bd7 10. Bxd7+ Qxd7 11. Qxc4 Rc8 12. Qb3 g6 13. Rd1 Qc6 14. Be3 Qa6 15. Nc3 Bg7 16. Rd4 0-0 17. Ra4 Rxc3 18. bxc3 Qxe2 19. Qd1 Qb5 20. Rb1 Qc6 21. Rxa7 Nd5 22. Qf3 Qc4 23. Bd4 e5 24. Rbxb7 exd4 25. Rxf7 Bf6 26. Rxf8+ Kxf8 27. Rd7 1-0

[Event "Oberliga Baden 1415"]
[Site "Baden"]
[Date "2015.02.22"]
[Round "7.8"]
[White "Frey, Alisa"]
[Black "Tiemann, Tobias"]
[Result "0-1"]
[WhiteElo "2104"]
[BlackElo "2028"]
[PlyCount "80"]
[EventDate "2014.09.21"]
[EventType "team-tourn"]
[EventRounds "9"]
[EventCountry "GER"]
[SourceTitle "EXT 2016"]
[Source "ChessBase"]
[SourceDate "2015.10.08"]
[SourceVersion "1"]
[SourceVersionDate "2015.10.08"]
[SourceQuality "1"]
[WhiteTeam "Eppingen II"]
[BlackTeam "Baden-Baden III"]
[WhiteTeamCountry "GER"]
[BlackTeamCountry "GER"]

1. e4 c5 2. Nf3 e6 3. d4 cxd4 4. Nxd4 Nc6 5. Nc3 Qc7 6. Be3 a6 7. Qd2 Nf6 8. f3 Bb4 9. 0-0-0 Ne5 10. Nb3 b5 11. Bd4 Be7 12. Kb1 0-0 13. Qf2 Rb8 14. g4 d6 15. Rg1 Nc4 16. g5 Nd7 17. Bd3 Bb7 18. h4 Rfc8 19. h5 e5 20. Ba7 Ra8 21. Bxc4 bxc4 22. Nc1 d5 23. exd5 Rxa7 24. d6 Bxd6 25. Rxd6 Qxd6 26. Qxa7 Bxf3 27. h6 Qd4 28. Qxd4 exd4 29. Rg3 Ne5 30. N3e2 Rd8 31. Nf4 Be4 32. b3 d3 33. cxd3 cxd3 34. Re3 d2+ 35. Rxe4 d1Q 36. Rxe5 Rc8 37. Nfd3 Qc2+ 38. Ka1 Qc3+ 39. Kb1 Qd4 40. Re1 Qd6 0-1

[Event "Verbandsliga Suedbaden 1415"]
[Site "Baden"]
[Date "2014.12.14"]
[Round "4.7"]
[White "Tiemann, Tobias"]
[Black "Buttenmueller, Paul"]
[Result "1-0"]
[WhiteElo "1991"]
[BlackElo "1915"]
[PlyCount "89"]
[EventDate "2014.10.12"]
[EventType "team-tourn"]
[EventRounds "9"]
[EventCountry "GER"]
[SourceTitle "EXT 2022"]
[Source "ChessBase"]
[SourceDate "2021.10.06"]
[SourceVersion "1"]
[SourceVersionDate "2021.10.06"]
[SourceQuality "1"]
[WhiteTeam "Baden Baden IV"]
[BlackTeam "Horben"]
[WhiteTeamCountry "GER"]
[BlackTeamCountry "GER"]

1. d4 Nf6 2. Nf3 g6 3. Nc3 d5 4. Bf4 c6 5. Qd2 Bg7 6. Ne5 0-0 7. f3 Nbd7 8. g4 Nxe5 9. Bxe5 Nd7 10. Bxg7 Kxg7 11. h4 e5 12. h5 g5 13. h6+ Kh8 14. e4 Qf6 15. 0-0-0 Qxf3 16. Bg2 Qf4 17. exd5 Qxd2+ 18. Rxd2 cxd5 19. Nxd5 exd4 20. Rxd4 f5 21. Nc7 Rb8 22. Ne6 Rg8 23. gxf5 Nf6 24. Nd8 Rf8 25. Nf7+ Kg8 26. Nxg5 Bxf5 27. Rf1 Bg6 28. Rdf4 Nd7 29. Bd5+ Kh8 30. Rxf8+ Rxf8 31. Rxf8+ Nxf8 32. Bxb7 Nd7 33. Bd5 Nf6 34. Be6 Ng8 35. c4 Nxh6 36. c5 Be8 37. Kd2 Kg7 38. Ne4 Bc6 39. Ke3 Nf7 40. Kf4 Nd8 41. Bf5 Bd5 42. Nc3 Bc6 43. b4 h6 44. b5 Bb7 45. Bd7 1-0

[Event "Verbandsliga Sued Baden 1314"]
[Site "Germany"]
[Date "2014.02.02"]
[Round "5.5"]
[White "Tiemann, Tobias"]
[Black "Schuler, Klaus"]
[Result "1/2-1/2"]
[WhiteElo "1966"]
[BlackElo "2196"]
[PlyCount "57"]
[EventDate "2013.10.20"]
[EventType "team-tourn"]
[EventRounds "9"]
[EventCountry "GER"]
[SourceTitle "EXT 2015"]
[Source "ChessBase"]
[SourceDate "2014.11.20"]
[SourceVersion "1"]
[SourceVersionDate "2014.11.20"]
[SourceQuality "1"]
[WhiteTeam "Baden-Baden IV"]
[BlackTeam "Lahr"]
[WhiteTeamCountry "GER"]
[BlackTeamCountry "GER"]

1. d4 d5 2. Nf3 Bf5 3. c4 e6 4. Qb3 Nc6 5. Bd2 Rb8 6. cxd5 Qxd5 7. Qxd5 exd5 8. Nc3 Nf6 9. Rc1 Bb4 10. a3 Bxc3 11. Bxc3 Ne4 12. b4 a6 13. Bd2 f6 14. Bf4 Kd7 15. h4 Rbc8 16. e3 Nd8 17. Nd2 Nxd2 18. Kxd2 Ne6 19. Bg3 h5 20. Be2 c6 21. a4 Bg6 22. Rc3 Nd8 23. Rhc1 Nf7 24. b5 axb5 25. axb5 Nd6 26. bxc6+ bxc6 27. f3 Rhe8 28. Bxd6 Kxd6 29. Bd3 1/2-1/2

[Event "Oberliga Baden 1112"]
[Site "Germany"]
[Date "2012.01.15"]
[Round "5.8"]
[White "Tiemann, Tobias"]
[Black "Schmidt, Jessica"]
[Result "0-1"]
[WhiteElo "1958"]
[BlackElo "2265"]
[PlyCount "131"]
[EventDate "2011.10.02"]
[EventType "team-tourn"]
[EventRounds "9"]
[EventCountry "GER"]
[SourceTitle "EXT 2013"]
[Source "ChessBase"]
[SourceDate "2012.11.22"]
[SourceVersion "1"]
[SourceVersionDate "2012.11.22"]
[SourceQuality "1"]
[WhiteTeam "Baden-Baden III"]
[BlackTeam "Karlsruhe"]
[WhiteTeamCountry "GER"]
[BlackTeamCountry "GER"]

1. d4 d5 2. Nf3 Nf6 3. g3 c6 4. Bg2 Bf5 5. c4 e6 6. 0-0 Nbd7 7. Nbd2 h6 8. b3 Be7 9. Bb2 Ne4 10. Rc1 0-0 11. Ne5 Nxd2 12. Nxd7 Nxf1 13. Nxf8 Nxg3 14. hxg3 Qxf8 15. e3 Ba3 16. Qe2 a5 17. c5 Bxb2 18. Qxb2 Qe7 19. f4 Qf6 20. Kf2 Qg6 21. Qe2 Bd3 22. Qd2 Bf5 23. Bf3 Bg4 24. Qc2 Qxc2+ 25. Rxc2 Bxf3 26. Kxf3 g5 27. Rb2 b5 28. cxb6 Rb8 29. b7 Rxb7 30. Rc2 Rb6 31. Rc5 Ra6 32. a3 Kg7 33. b4 axb4 34. axb4 Rb6 35. Ke2 Kf6 36. Kf3 Kg6 37. g4 f5 38. gxf5+ Kxf5 39. e4+ Kf6 40. fxg5+ hxg5 41. exd5 cxd5 42. b5 Kf5 43. Ke3 Rb8 44. Kf3 g4+ 45. Ke3 Rh8 46. Rc6 Rh3+ 47. Kf2 Rb3 48. b6 Rb4 49. Ke3 g3 50. Kf3 Rxd4 51. Kxg3 Rb4 52. Kf3 Rb3+ 53. Ke2 Ke5 54. Kd2 Rb5 55. Kd3 Kf5 56. Kd4 Kf6 57. Rd6 Ke7 58. Rc6 Kd7 59. Rc5 Rxb6 60. Ke5 Rb1 61. Ra5 Re1+ 62. Kd4 Re4+ 63. Kd3 Kd6 64. Ra6+ Ke5 65. Ra8 Rh4 66. Rg8 0-1

[Event "BL2-Sued 0910"]
[Site "Germany"]
[Date "2010.04.11"]
[Round "9.8"]
[White "Wild, Rudolf"]
[Black "Tiemann, Tobias"]
[Result "1-0"]
[WhiteElo "2217"]
[BlackElo "1966"]
[PlyCount "83"]
[EventDate "2009.10.18"]
[EventType "team-tourn"]
[EventRounds "9"]
[EventCountry "GER"]
[SourceTitle "EXT 2011"]
[Source "ChessBase"]
[SourceDate "2010.11.26"]
[SourceVersion "1"]
[SourceVersionDate "2010.11.26"]
[SourceQuality "1"]
[WhiteTeam "Krumbach"]
[BlackTeam "Neuhausen"]
[WhiteTeamCountry "GER"]
[BlackTeamCountry "GER"]

1. Nf3 d5 2. g3 c6 3. Bg2 e6 4. 0-0 Nf6 5. d4 Be7 6. c4 Nbd7 7. Qc2 0-0 8. Nbd2 b6 9. e4 dxe4 10. Nxe4 Nxe4 11. Qxe4 Bb7 12. Bf4 Rc8 13. Rfd1 Ba8 14. Qe2 Re8 15. Rd3 Nf8 16. Ne5 Ng6 17. Nxg6 hxg6 18. c5 g5 19. Be3 Bf6 20. Rad1 Qe7 21. b4 Red8 22. f4 gxf4 23. Bxf4 Bg5 24. Bd6 Qf6 25. Be4 g6 26. h4 Bh6 27. h5 gxh5 28. Rf1 Qg5 29. Bf4 Qg7 30. Be5 Qg5 31. Bf4 Qg7 32. Qxh5 Bxf4 33. Rxf4 f5 34. Bg2 Rf8 35. g4 Rf6 36. gxf5 Rh6 37. Qf3 exf5 38. Rxf5 Kh8 39. Rf7 Qg6 40. Rf8+ Rxf8 41. Qxf8+ Kh7 42. Rf3 1-0

[Event "GER-ch Net qual4 U18"]
[Site "Playchess.com INT"]
[Date "2009.06.17"]
[Round "3"]
[White "Will, Patrick"]
[Black "Tiemann, Tobias"]
[Result "1-0"]
[WhiteElo "1929"]
[BlackElo "1960"]
[PlyCount "75"]
[EventDate "2009.06.17"]
[EventType "swiss (blitz)"]
[EventRounds "7"]
[EventCountry "GER"]
[SourceTitle "CBM 130 Extra"]
[Source "ChessBase"]
[SourceDate "2009.07.02"]
[SourceVersion "2"]
[SourceVersionDate "2009.07.15"]
[SourceQuality "1"]

1. d4 d5 2. c4 e6 3. Nf3 c6 4. e3 Nf6 5. b3 Nbd7 6. Bb2 dxc4 7. bxc4 Be7 8. Bd3 0-0 9. 0-0 Nb6 10. Qc2 h6 11. c5 Nbd5 12. a3 Bd7 13. Nbd2 b6 14. Ne4 Nxe4 15. Bxe4 bxc5 16. dxc5 Nf6 17. Bd3 a5 18. Rad1 Qc8 19. Be5 Nd5 20. e4 Nc7 21. Bc4 Bxc5 22. Qc3 f6 23. Bd6 Bxd6 24. Rxd6 Nb5 25. Bxb5 cxb5 26. Qb3 Kh7 27. Rfd1 Ra7 28. e5 f5 29. Nd4 Re8 30. Nxb5 Rb7 31. a4 Bxb5 32. axb5 Qc5 33. b6 Qxe5 34. Qa4 Qc5 35. Qxe8 a4 36. Qxe6 a3 37. Qg6+ Kh8 38. Rd8+ 1-0